| 000 | 00544nam a22001937a 4500 | ||
|---|---|---|---|
| 005 | 20251108170728.0 | ||
| 008 | 250721s1989 xx 000 0 ara d | ||
| 082 | 1 | 4 | _aط/ق/حام |
| 100 | 1 |
_aحامد، حسين _eمؤلف |
|
| 245 | 1 | 0 | _aعندما غاب القمر / |
| 264 | 1 |
_aالقاهرة : _c1989. |
|
| 300 | _a24ص | ||
| 490 | 0 | _aيا أحبائي أقول لكم | |
| 650 | 1 | 7 | _aأدب الأطفال |
| 650 | 1 | 7 | _aالقصص العربية |
| 700 | 1 |
_aعويس، فريدة _eرسم |
|
| 942 |
_2ddc _cBK |
||
| 999 |
_c47608 _d47608 |
||